[Event "TUR-chT Clubs"]
[Site "Konya"]
[Date "2019.07.17"]
[Round "3.4"]
[White "Asan, Elvan"]
[Black "Adanmis, Ezgi"]
[Result "1-0"]
[WhiteElo "1760"]
[BlackElo "1692"]
[PlyCount "91"]
[EventDate "2019.07.16"]
[EventType "team-swiss"]
[EventRounds "9"]
[EventCountry "TUR"]
[SourceTitle "CBM 191 Extra"]
[Source "ChessBase"]
[SourceDate "2019.09.30"]
[SourceVersion "1"]
[SourceVersionDate "2019.09.30"]
[SourceQuality "1"]
[WhiteTeam "Celik Dernegi"]
[BlackTeam "Mugla Mentese Merkez"]
[WhiteTeamCountry "TUR"]
[BlackTeamCountry "TUR"]

1. e4 e6 2. d3 d5 3. Nd2 Nf6 4. g3 Be7 5. Bg2 dxe4 6. dxe4 e5 7. Ngf3 Nc6 8. 0-0 0-0 9. Qe2 Bc5 10. c3 h6 11. b4 Bd6 12. Nc4 Be6 13. Nh4 Bxc4 14. Qxc4 Ne7 15. f4 c6 16. Qe2 Qc7 17. f5 Rfd8 18. g4 Kf8 19. g5 hxg5 20. Bxg5 Neg8 21. Bf3 c5 22. a3 Rac8 23. Rac1 Be7 24. Qg2 Nh7 25. Bxe7+ Qxe7 26. f6 Qxf6 27. Bh5 Qxh4 28. Rxf7+ Ke8 29. Qxg7 Qg5+ 30. Qxg5 Nxg5 31. Rxb7+ Kf8 32. Rf1+ Nf6 33. Rxf6+ Kg8 34. Rg6+ Kh8 35. Rxg5 cxb4 36. axb4 Rxc3 37. Rxe5 Rc1+ 38. Kf2 Rcc8 39. Bg4 Rc2+ 40. Kg3 Rd3+ 41. Bf3 Rc8 42. Rf5 Rg8+ 43. Kf4 Rc8 44. Bg4 Rcd8 45. Rh5+ Kg8 46. Be6+ 1-0

[Event "TUR-chT2"]
[Site "Konya"]
[Date "2018.07.12"]
[Round "5.6"]
[White "Adanmis, Ezgi"]
[Black "Kirdi, Beyza"]
[Result "1-0"]
[WhiteElo "1656"]
[BlackElo "1192"]
[PlyCount "61"]
[EventDate "2018.07.10"]
[EventType "team-swiss"]
[EventRounds "9"]
[EventCountry "TUR"]
[SourceTitle "EXT 2019"]
[Source "ChessBase"]
[SourceDate "2018.10.10"]
[SourceVersion "1"]
[SourceVersionDate "2018.10.10"]
[SourceQuality "1"]
[WhiteTeam "Bitlis Dernegi"]
[BlackTeam "Denizli Onay"]
[WhiteTeamCountry "TUR"]
[BlackTeamCountry "TUR"]

1. e4 g6 2. d4 Bg7 3. Nf3 c5 4. Nc3 cxd4 5. Nxd4 Nf6 6. Be3 0-0 7. Be2 d6 8. 0-0 b6 9. Bf3 e5 10. Ndb5 Ba6 11. Re1 Bxb5 12. Nxb5 Ne8 13. Qd2 a6 14. Nc3 Nd7 15. Rad1 Ndf6 16. Be2 b5 17. a3 Qd7 18. Bg5 Rd8 19. h3 Rc8 20. Bxf6 Nxf6 21. Qxd6 Qxd6 22. Rxd6 Ra8 23. Red1 Rfe8 24. Kf1 Bf8 25. Rxf6 Be7 26. Rc6 Red8 27. Rxd8+ Bxd8 28. Nd5 Kg7 29. c4 Bg5 30. cxb5 axb5 31. Bxb5 1-0

[Event "TUR-chT2"]
[Site "Konya"]
[Date "2018.07.11"]
[Round "3.6"]
[White "Adanmis, Ezgi"]
[Black "Haznedaroglu, Hacer"]
[Result "1/2-1/2"]
[WhiteElo "1656"]
[BlackElo "1677"]
[PlyCount "59"]
[EventDate "2018.07.10"]
[EventType "team-swiss"]
[EventRounds "9"]
[EventCountry "TUR"]
[SourceTitle "EXT 2019"]
[Source "ChessBase"]
[SourceDate "2018.10.10"]
[SourceVersion "1"]
[SourceVersionDate "2018.10.10"]
[SourceQuality "1"]
[WhiteTeam "Bitlis Dernegi"]
[BlackTeam "Beyazkale Dernegi"]
[WhiteTeamCountry "TUR"]
[BlackTeamCountry "TUR"]

1. e4 e5 2. Nf3 Nc6 3. Bc4 Bc5 4. d3 h6 5. c3 Nf6 6. 0-0 0-0 7. Be3 Bb6 8. h3 d5 9. exd5 Nxd5 10. Bxb6 axb6 11. Re1 Re8 12. Bb5 Nf4 13. Bxc6 bxc6 14. Rxe5 Rxe5 15. Nxe5 Qd5 16. Nf3 Qxd3 17. Qxd3 Nxd3 18. b4 c5 19. bxc5 Nxc5 20. Nd4 Be6 21. a3 Nb3 22. Nxb3 Bxb3 23. Nd2 Bd5 24. f3 Kf8 25. Kf2 Ke7 26. Ke3 Kd6 27. a4 Ke6 28. Kd4 Bc6 29. a5 Bb7 30. Nc4 1/2-1/2

[Event "TUR-chT 1st League"]
[Site "Konya"]
[Date "2017.07.18"]
[Round "3.4"]
[White "Bivol, Alina"]
[Black "Adanmis, Ezgi"]
[Result "1-0"]
[WhiteElo "2379"]
[BlackElo "1602"]
[PlyCount "91"]
[EventDate "2017.07.17"]
[EventType "team-swiss"]
[EventRounds "9"]
[EventCountry "TUR"]
[SourceTitle "CBM 179 Extra"]
[Source "ChessBase"]
[SourceDate "2017.08.23"]
[SourceVersion "1"]
[SourceVersionDate "2017.08.23"]
[SourceQuality "1"]
[WhiteTeam "Denizli Metin Surmeli"]
[BlackTeam "Biltis Tatvan"]
[WhiteTeamCountry "TUR"]
[BlackTeamCountry "TUR"]

1. Nf3 d5 2. g3 Nf6 3. Bg2 c5 4. c4 e6 5. 0-0 Nc6 6. cxd5 exd5 7. d4 cxd4 8. Nxd4 Nxd4 9. Qxd4 Be7 10. Nc3 Be6 11. Bf4 0-0 12. Rad1 Qa5 13. a3 Rfd8 14. Be5 Rac8 15. Qd2 Ng4 16. Bd4 Bf6 17. Bxf6 Nxf6 18. Ne4 Qxd2 19. Nxf6+ gxf6 20. Rxd2 Rd7 21. Rfd1 Rcd8 22. e3 Kf8 23. Bf3 Ke7 24. Kg2 h6 25. Rd4 b6 26. R1d2 Rd6 27. Kf1 f5 28. Bd1 Bc8 29. Bb3 Bb7 30. Rf4 Bc8 31. Rc2 Be6 32. Rd4 Kf6 33. Ke1 Ke7 34. Rc7+ R8d7 35. Rxd7+ Kxd7 36. Rh4 b5 37. Rxh6 a5 38. Rh8 a4 39. Bc2 d4 40. exd4 Rxd4 41. h4 f4 42. h5 fxg3 43. fxg3 Rg4 44. h6 Rxg3 45. h7 Rh3 46. Rb8 1-0

[Event "TUR-chT2"]
[Site "Konya"]
[Date "2016.07.21"]
[Round "7.1"]
[White "Adanmis, Ezgi"]
[Black "Arig, Busra"]
[Result "0-1"]
[WhiteElo "1620"]
[BlackElo "1811"]
[PlyCount "60"]
[EventDate "2016.07.17"]
[EventType "team-swiss"]
[EventRounds "9"]
[EventCountry "TUR"]
[SourceTitle "CBM 173 Extra"]
[Source "ChessBase"]
[SourceDate "2016.08.29"]
[SourceVersion "1"]
[SourceVersionDate "2016.08.29"]
[SourceQuality "1"]
[WhiteTeam "Bitlis Tatvan Egitimi"]
[BlackTeam "Canakkale Gokceada"]
[WhiteTeamCountry "TUR"]
[BlackTeamCountry "TUR"]

1. e4 c5 2. Nf3 e6 3. d4 cxd4 4. Nxd4 a6 5. a4 Qc7 6. Nc3 Nf6 7. Bd3 Bc5 8. Nb3 Bb4 9. Bd2 Nc6 10. Ne2 d5 11. exd5 Nxd5 12. c3 Bd6 13. Nbd4 Ne5 14. Bc2 0-0 15. Qb1 f5 16. h3 Nc4 17. Bg5 h6 18. Bc1 Bd7 19. 0-0 Rf6 20. b3 Ne5 21. c4 Nb4 22. Ba3 Ng6 23. Bb2 Nxc2 24. Qxc2 e5 25. Nf3 Bc6 26. Nd2 Nh4 27. g3 Rg6 28. c5 Be7 29. Kh2 Rd8 30. Rg1 Rxd2 0-1

[Event "TUR-chT2"]
[Site "Konya"]
[Date "2016.07.19"]
[Round "4.4"]
[White "Adanmis, Ezgi"]
[Black "Styazhkina, Anna"]
[Result "0-1"]
[WhiteElo "1620"]
[BlackElo "2329"]
[PlyCount "98"]
[EventDate "2016.07.17"]
[EventType "team-swiss"]
[EventRounds "9"]
[EventCountry "TUR"]
[SourceTitle "CBM 173 Extra"]
[Source "ChessBase"]
[SourceDate "2016.08.29"]
[SourceVersion "1"]
[SourceVersionDate "2016.08.29"]
[SourceQuality "1"]
[WhiteTeam "Bitlis Tatvan Egitimi"]
[BlackTeam "Burdur Callica"]
[WhiteTeamCountry "TUR"]
[BlackTeamCountry "TUR"]

1. e4 e5 2. Nf3 Nc6 3. Bc4 Bc5 4. d3 Nf6 5. Bg5 h6 6. Bh4 g5 7. Bg3 d6 8. c3 Bb6 9. Nbd2 Bg4 10. Nf1 Qd7 11. Ne3 Bh5 12. Bb3 Ne7 13. Nc4 Ng6 14. Nxb6 axb6 15. Qc2 Bxf3 16. gxf3 Qh3 17. 0-0-0 h5 18. d4 h4 19. dxe5 dxe5 20. Qd2 hxg3 21. Qxg5 Qh6 22. Qxh6 Rxh6 23. fxg3 Ke7 24. Rd2 Rh3 25. Rf2 Rah8 26. g4 Nf4 27. Bc2 Nh7 28. Kd2 Ng5 29. Bd1 Rd8+ 30. Kc2 Rd3 31. Rhf1 Rh8 32. Be2 Rd6 33. Bd1 Nfh3 34. Rd2 Rdh6 35. Rh1 Rf6 36. Rf1 Rh4 37. Be2 Nf4 38. Bd1 Rh3 39. Rdf2 Ng6 40. Kd2 Nh4 41. Ke3 Rf4 42. Kd2 Nhxf3+ 43. Bxf3 Rfxf3 44. Rxf3 Nxf3+ 45. Ke2 Ng5 46. Rf2 Nxe4 47. Rg2 Ng5 48. a4 Ne6 49. Kd2 Nf4 0-1

[Event "Wch U18 Girls"]
[Site "Durban"]
[Date "2014.09.27"]
[Round "9"]
[White "Adanmis, Ezgi"]
[Black "Wafa, Shrook"]
[Result "1/2-1/2"]
[WhiteElo "1546"]
[BlackElo "2141"]
[PlyCount "64"]
[EventDate "2014.09.20"]
[EventType "swiss"]
[EventRounds "11"]
[EventCountry "RSA"]
[SourceTitle "CBM 162 Extra"]
[Source "ChessBase"]
[SourceDate "2014.10.17"]
[SourceVersion "1"]
[SourceVersionDate "2014.10.17"]
[SourceQuality "1"]

1. e4 c5 2. Nf3 d6 3. d4 cxd4 4. c3 d3 5. Bxd3 Nc6 6. 0-0 g6 7. Qe2 Bg7 8. Bf4 Nf6 9. Rd1 0-0 10. h3 Qb6 11. Na3 a6 12. e5 dxe5 13. Nxe5 Nxe5 14. Bxe5 Be6 15. Nc4 Qc6 16. Na5 Qc8 17. Nc4 Nd7 18. Bxg7 Kxg7 19. Ne5 Nxe5 20. Qxe5+ Kg8 21. Be4 Rb8 22. Rd4 b6 23. Bf3 Qc5 24. Qe2 b5 25. Rad1 Bc4 26. Qd2 e5 27. Rd7 Be6 28. Rd3 b4 29. b3 bxc3 30. Qxc3 Qb4 31. Qc6 a5 32. Be2 Qb5 1/2-1/2

[Event "Wch U18 Girls"]
[Site "Durban"]
[Date "2014.09.23"]
[Round "6"]
[White "Regam, Jessica"]
[Black "Adanmis, Ezgi"]
[Result "1-0"]
[WhiteElo "2031"]
[BlackElo "1546"]
[PlyCount "79"]
[EventDate "2014.09.20"]
[EventType "swiss"]
[EventRounds "11"]
[EventCountry "RSA"]
[SourceTitle "CBM 162 Extra"]
[Source "ChessBase"]
[SourceDate "2014.10.17"]
[SourceVersion "1"]
[SourceVersionDate "2014.10.17"]
[SourceQuality "1"]

1. e4 e6 2. d4 d5 3. e5 c5 4. c3 Nc6 5. Nf3 Bd7 6. Be2 Rc8 7. 0-0 cxd4 8. cxd4 Qb6 9. Na3 Nb4 10. Bd2 Nh6 11. Bc3 Nf5 12. g4 Ne7 13. Qd2 Ng6 14. h4 h5 15. g5 a5 16. Rfc1 Ne7 17. Bxb4 Rxc1+ 18. Rxc1 axb4 19. Nc2 Nc6 20. b3 Be7 21. Bd3 g6 22. Qf4 0-0 23. Ne3 Ra8 24. Bb1 Qd8 25. Nf1 Na7 26. Ng3 Be8 27. Qe3 Nb5 28. Nxh5 Nc3 29. Nf6+ Bxf6 30. gxf6 Bb5 31. Rxc3 bxc3 32. Qg5 Kf8 33. h5 Ke8 34. hxg6 fxg6 35. Qxg6+ Kd7 36. Qf7+ Kc6 37. Qxe6+ Kc7 38. Ng5 Rxa2 39. Qf5 Ra1 40. Ne6+ 1-0

[Event "Wch U18 Girls"]
[Site "Durban"]
[Date "2014.09.22"]
[Round "4"]
[White "Rodsmoen, Maud"]
[Black "Adanmis, Ezgi"]
[Result "1/2-1/2"]
[WhiteElo "1901"]
[BlackElo "1546"]
[PlyCount "37"]
[EventDate "2014.09.20"]
[EventType "swiss"]
[EventRounds "11"]
[EventCountry "RSA"]
[SourceTitle "CBM 162 Extra"]
[Source "ChessBase"]
[SourceDate "2014.10.17"]
[SourceVersion "1"]
[SourceVersionDate "2014.10.17"]
[SourceQuality "1"]

1. e4 e6 2. d4 d5 3. Nd2 Be7 4. c3 Nf6 5. e5 Nfd7 6. Bd3 c5 7. Ne2 Nc6 8. 0-0 a6 9. Nf3 b5 10. Be3 cxd4 11. cxd4 Nb6 12. b3 Nb4 13. Bc1 Bd7 14. Bb1 Rc8 15. a3 Nc6 16. Bd3 0-0 17. b4 Nc4 18. Qe1 a5 19. Bxc4 1/2-1/2

[Event "TUR-chT2"]
[Site "Konya"]
[Date "2014.06.26"]
[Round "6.7"]
[White "Abdulla, Khayala Mardan Qizi"]
[Black "Adanmis, Ezgi"]
[Result "1-0"]
[WhiteElo "2233"]
[BlackElo "1531"]
[PlyCount "44"]
[EventDate "2014.06.23"]
[EventType "team-swiss"]
[EventRounds "9"]
[EventCountry "TUR"]
[SourceTitle "CBM 161 Extra"]
[Source "ChessBase"]
[SourceDate "2014.08.29"]
[SourceVersion "1"]
[SourceVersionDate "2014.08.29"]
[SourceQuality "1"]
[WhiteTeam "Salihli Sardes"]
[BlackTeam "Ego Spor"]
[WhiteTeamCountry "TUR"]
[BlackTeamCountry "TUR"]

1. e4 e6 2. d4 d5 3. e5 c5 4. c3 Nc6 5. Nf3 Bd7 6. Be2 Nge7 7. 0-0 cxd4 8. cxd4 Rc8 9. Na3 a6 10. Nc2 Qb6 11. Bd3 Na5 12. b3 Bb5 13. Ba3 Bxd3 14. Qxd3 Nf5 15. Bxf8 Kxf8 16. Ne3 Qb5 17. Qd2 h6 18. Nxf5 exf5 19. Qf4 Qd7 20. e6 fxe6 21. Ne5 Qe8 22. Qd2 Nc6 1-0